000 00380cam a2200169ua 4500
001 8133
008 161206n ii |||gr||||Z||||||eng
040 _aMAIN
041 _aEnglish
082 _bSAR
100 _aSarkar,N.
245 _aPrinciples And Practice of Cost Accounting
250 _a2nd.
260 _aCalcutta:
_bAcademic Publishers.
300 _a501.
942 _cBK
999 _c8121
_d8121